La política exterior rusa después de la guerra fría (Registro nro. 303733)

Detalles MARC
000 -ENCABEZADO
Número de control [NR] 01004cam a2200253Ia 4500
005 - FECHA Y HORA DE LA ÚLTIMA TRANSACCIÓN
control field 20160718163337.0
008 - DE LONGITUD FIJA DE DATOS DE ELEMENTOS - INFORMACIÓN GENERAL
Elementos de longitud fija [NR] 160718s2011 ag d b 001 0 spa d
020 ## - NUMERO INTERNACIONAL NORMALIZADO PARA LIBROS [R]
Número Internacional Normalizado del libro [NR] 9789872446932
035 ## - NUMERO DE CONTROL DEL SISTEMA [R]
Número de control del sistema [NR] (OCoLC)801474176
040 ## - FUENTE DE CATALOGACION [NR]
Agencia de catalogación original [NR] CO-BoUCM
Idioma de catalogación [NR] spa
Quien Cataloga Sandra Palacio
Quien Clasifica Sandra Palacio
041 0# - CODIGO DE IDIOMA [R]
Código de idioma para texto/pista de sonido o título separado [R] Español
100 1# - ASIENTO PRINCIPAL--NOMBRE PERSONAL [NR]
Nombre personal [NR] Hutschenreuter, Alberto
Fechas asociadas con el nombre [NR] 1959-
ID Autoridad 78219
245 13 - MENCION DE TITULO [NR]
Título [NR] La política exterior rusa después de la guerra fría
Parte restante del título [NR] humillación y reparación
Mención de responsabilidad, etc. [NR] Alberto Hutschenreuter ; [prólogo de Carlos A. Fernández Pardo]
260 ## - PUBLICACION, DISTRIBUCION, ETC. (PIE DE IMPRENTA) [R]
Lugar de publicación, distribución, etc. [R] Buenos Aires (Argentina)
Nombre del editor, distribuidor, etc. [R] Areté
Fecha de publicación, distribución, etc. [R] [2011]
300 ## - DESCRIPCION FISICA [R]
Extensión [R] 382 páginas
Dimensiones [R] tablas
504 ## - NOTA DE BIBLIOGRAFIA, ETC. [R]
Nota de bibliografía, etc. [NR] Incluye referencias bibliográficas e índices
650 #7 - ASIENTO SECUNDARIO DE MATERIA - TERMINO TEMATICO [R]
Término temático o nombre geográfico como elemento de entrada [NR] Relaciones diplomáticas
9 (RLIN) 23441
650 #7 - ASIENTO SECUNDARIO DE MATERIA - TERMINO TEMATICO [R]
Término temático o nombre geográfico como elemento de entrada [NR] Política exterior
9 (RLIN) 21982
650 #7 - ASIENTO SECUNDARIO DE MATERIA - TERMINO TEMATICO [R]
Término temático o nombre geográfico como elemento de entrada [NR] Reparaciones
9 (RLIN) 23561
651 #4 - ASIENTO SECUNDARIO DE MATERIA - NOMBRE GEOGRAFICO [R]
Nombre geográfico [NR] Rusia (Federación)
Subdivisión general [R] Relaciones exteriores
9 (RLIN) 78220
690 ## - ASUNTO AGREGADO LOCAL DE ENTRADA - TÉRMINO TEMÁTICO (OCLC, RLIN)
Acceso temático local Relaciones internacionales
9 (RLIN) 8042
942 ## - ELEMENTOS DE ENTRADA AGREGADOS (KOHA)
Sistema de clasificación DEWEY
Tipo de ítem principal el descrito en 300a Libro
Tema principal Ciencia política
Edición 1
Clasificación 327.1
Parte restante de la signatura top. H981pe
Existencias
Fecha de último préstamo Total préstamos Signatura topográfica Código de barras Última vez visto Ejemplar Costo de reposición Price effective from Tipo de ítem Perdido Sistema de clasificación Dañado No prestable Tipo de ítem específico Suprimido Ubicación habitual Ubicación actual Localización Fecha de creación Proveedor Forma de adquisición Costo
04/10/2016 1 327.1 H981pe 100149816 05/06/2024 Ej.1 26000.00 12/07/2016 Libro   DEWEY     Libro   Bodega Bodega 3er piso 12/07/2016 12 Donación 0.00